000 00481nam a2200217Ia 4500
003 0100
008 130303s9999 xx 000 0 und d
020 _a136843654
040 _cARRUPELIB
050 _aJA83.B248 1984
100 _aBaradat, Leon P
245 _aPolitical ideologies
250 _a2nd
260 _aEnglewood Cliffs
260 _bPrentice-Hall
260 _C1984
300 _axiv
300 _b 337 p.23cm
700 _aLeon P. Baradat
942 0 0 _05
999 _c16169
_d16169